| 000 | 01028nam a2200253 a 4500 | ||
|---|---|---|---|
| 001 | 39767 | ||
| 003 | BD-RjUL | ||
| 005 | 20211209053044.0 | ||
| 008 | 160417s2003 bg ||||| |||| 00| 0 ben d | ||
| 020 |
_a9845550312 _c: Tk.500.00 |
||
| 035 | _a(BD-RjUL)39880 | ||
| 040 |
_aBD-RjUL _bben _cBD-RjUL |
||
| 041 | _aben | ||
| 082 |
_223 _a759.95492 _bKHS 2003 |
||
| 100 |
_aখান, সাদেক _9122500 |
||
| 245 |
_aএস.এম. সুলতান = S. M. Sultan / _cসাদেক খান |
||
| 260 |
_aনড়াইল, বাংলাদেশ : _bবাংলাদেশ শিল্পকলা একাডেমী, _c২০০৩ |
||
| 300 |
_a১৩৬ পৃ. : _bচিত্র ; _c২৯ সে.মি. |
||
| 490 |
_aArt of Bangladesh _v4 |
||
| 600 |
_aসুলতান, এস.এম. _c(শেখ মোহাম্মদ) _d১৯২৩-১৯৯৪ _9122501 |
||
| 600 |
_aS.M. Sultan _c(Sheikh Mohammad) _d1923-1994 _9122502 |
||
| 650 |
_aPainters _vBiography _z Bangladesh _9122511 |
||
| 942 |
_2ddc _cBK |
||
| 999 |
_c39767 _d39767 |
||